TOP 10 BEST FOOTBALL PLAYERS ACTUALLY (IN MY OPINION) - Estadísticas

Estadísticas generales
  • Esta prueba ha sido intentada 142 veces
  • La puntuación promedio es 8 de 12
Estadísticas de respuestas
Hint Respuesta % Correcto
2: Country: France Mbappe
98%
1:Country: Brazil Vini jr
96%
3:Country: Norway Haaland
94%
9:Country: Spain Lamine Yamal
87%
5:Country: England Kane
82%
EXTRA 1:What is the best team? Real Madrid
81%
10:Country: England Foden
72%
EXTRA 2:What team is gonna win premier league? Manchester City
71%
7:Country: Germany Musiala
69%
6: Country: England Palmer
50%
8:Country: Portugal Vitinha
37%
4:Country: England Bellimgham
6%
No se encontraron pruebas coincidentes
Distribución de puntuación
Porcentaje de gente con cada puntuación
Porcentaje por número respondido
Historial de tus puntuaciones
No has intentado esta prueba.